000 00630nam a2200169 a 4500
001 000029119
005 20200930055338.0
008 110413s1968 dr 000 0 spa d
040 _aDO-SdBNP
_bspa
_cBNPHU
100 1 _aCheaney, Robert L.
_956026
245 1 0 _aApuntes prácticos sobre el uso de abonos comerciales. /
_cRobert L. Cheaney.
260 _aSantiago de los Caballeros, República Dominicana :
_bDivición de Investigaciones Agrícolas,
_c1968.
300 _a12 p. ;
_c28 cm.
500 _aBoletín no. 8
710 2 _aInstituto Superior de Agricultura
_bDivición de Investigaciones Agrícolas
_956021
049 _aBNPD
999 _c28611
_d28611